NFL players with multiple OPOY Awards - Statistics

General Stats
  • This quiz has been taken 22 times
  • The average score is 6 of 8
Answer Stats
Hint Answer % Correct
2 Barry Sanders
94%
2 Jerry Rice
94%
2 Tom Brady
94%
2 Peyton Manning
89%
2 Drew Brees
78%
3 Marshall Faulk
61%
2 Terrell Davis
44%
3 Earl Campbell
39%
No matching quizzes found
Score Distribution
Percent of People with Each Score
Percentile by Number Answered
Your Score History
You have not taken this quiz